| 000 | 01140nam a2200229 a 4500 | ||
|---|---|---|---|
| 001 | 000415351 | ||
| 003 | AM-YeHGA | ||
| 005 | 20250617132949.0 | ||
| 008 | 050316s2004 ru ||||gr|||||||||1|rus|d | ||
| 020 | _a5352010716 | ||
| 040 | _aAM-YeHGA | ||
| 041 | 1 |
_arus _hcze |
|
| 100 | 1 |
_aԿունդերա, Միլան, _d1929-2023 |
|
| 245 | 1 | 0 |
_aБессмертие : _bРоман / _cМилан Кундера; Пер. с чеш. Н. Шульгиной. |
| 260 |
_aСанкт-Петербург : _bАзбука-классика, _c2004. |
||
| 300 | _a373 с. | ||
| 520 | _aМилан Кундера принадлежит к числу самых популярных писателей современности. Каждое новое произведение писателя пополняет ряд бестселлеров интеллектуальной прозы. "Вальс на прощание" - один из самых любимых романов М. Кундера. | ||
| 650 | 1 | 4 | _aЧешская литература |
| 700 | 1 |
_aШульгина, Нина _eпер. _4trl |
|
| 942 |
_2udc _cBK |
||
| 090 | _c159787 | ||
| 999 |
_c158383 _d158383 |
||